LEADER 01057nam0 22002773i 450 001 PMI0037821 005 20231121125607.0 010 $a9788820391713 100 $a20220719d2020 ||||0itac50 ba 101 | $aita$cita 102 $ait 181 1$6z01$ai $bxxxe 182 1$6z01$an 200 1 $aAlgoritmi per l'intelligenza artificiale$eprogettazione dell'algoritmo, dati e machine learning, neural network, deep learning$fRoberto Marmo 210 $aMilano$cHoepli$d2020 215 $aXXIV, 404 p.$d24 cm. 500 10$aAlgoritmi per l'intelligenza artificiale$3LO11793626$9CFIV253193$91866986 700 1$aMarmo$b, Roberto$3CFIV253193$4070$0731394 801 3$aIT$bIT-01$c20220719 850 $aIT-FR0099 899 $aBiblioteca Area Ingegneristica$bFR0099 $eN 912 $aPMI0037821 950 0$aBiblioteca Area Ingegneristica$d 54S. L. 006.3 MAR$e 54SBA0000000135 VMN A4 $fA $h20220719$i20220719 977 $a 54 996 $aAlgoritmi per l'intelligenza artificiale$91866986 997 $aUNICAS